[Event "Team men PL"]
[Site "Sochi"]
[Date "2020.11.28"]
[Round "9.15"]
[White "Inarkiev, Ernesto"]
[Black "Demidov, Mikhail"]
[Result "1-0"]
[BlackElo "2526"]
[WhiteElo "2661"]
[LiveChessVersion "1.4.8"]

1.e4 {[%clk 1:30:06]} Nf6 {[%clk 1:30:50]} 2.e5 {[%clk 1:30:08]}
Nd5 {[%clk 1:31:15]} 3.d4 {[%clk 1:30:31]} d6 {[%clk 1:31:40]}
4.c4 {[%clk 1:30:34]} Nb6 {[%clk 1:32:05]} 5.exd6 {[%clk 1:31:01]}
exd6 {[%clk 1:32:30]} 6.Nc3 {[%clk 1:29:54]} Be7 {[%clk 1:32:49]}
7.Nf3 {[%clk 1:30:20]} O-O {[%clk 1:30:11]} 8.Be2 {[%clk 1:30:26]}
Bf6 {[%clk 1:29:26]} 9.O-O {[%clk 1:30:45]} Nc6 {[%clk 1:25:12]}
10.Be3 {[%clk 1:21:27]} Bg4 {[%clk 1:20:10]} 11.b3 {[%clk 1:21:35]}
d5 {[%clk 1:19:05]} 12.c5 {[%clk 1:20:38]} Nc8 {[%clk 1:16:47]}
13.h3 {[%clk 1:21:00]} Bf5 {[%clk 1:10:21]} 14.Qd2 {[%clk 1:15:11]}
h6 {[%clk 1:06:59]} 15.a3 {[%clk 0:55:33]} Re8 {[%clk 1:04:46]}
16.b4 {[%clk 0:55:14]} a6 {[%clk 1:04:57]} 17.Nh2 {[%clk 0:50:31]}
N8e7 {[%clk 1:00:45]} 18.Ng4 {[%clk 0:46:55]} Bxg4 {[%clk 1:00:05]}
19.hxg4 {[%clk 0:39:17]} Ng6 {[%clk 0:59:28]} 20.Rad1 {[%clk 0:36:53]}
Nf8 {[%clk 0:56:37]} 21.f4 {[%clk 0:22:59]} Ne6 {[%clk 0:51:13]}
22.Bf3 {[%clk 0:23:25]} Bxd4 {[%clk 0:49:41]} 23.Nxd5 {[%clk 0:20:23]}
Nxf4 {[%clk 0:30:45]} 24.Bxd4 {[%clk 0:20:31]} Nxd5 {[%clk 0:31:10]}
25.Qf2 {[%clk 0:14:46]} Nf6 {[%clk 0:21:57]} 26.Bxc6 {[%clk 0:08:41]}
bxc6 {[%clk 0:21:59]} 27.Bxf6 {[%clk 0:09:08]} Qxf6 {[%clk 0:22:22]}
28.Qxf6 {[%clk 0:09:37]} gxf6 {[%clk 0:22:46]} 29.Rxf6 {[%clk 0:10:05]}
a5 {[%clk 0:21:23]} 30.Rd7 {[%clk 0:09:35]} axb4 {[%clk 0:21:26]}
31.axb4 {[%clk 0:10:04]} Ra2 {[%clk 0:14:09]} 32.Rdxf7 {[%clk 0:10:13]}
Re4 {[%clk 0:06:44]} 33.Rf4 {[%clk 0:03:53]} Re1+ {[%clk 0:05:05]}
34.Rf1 {[%clk 0:04:22]} Re4 {[%clk 0:05:01]} 35.R7f4 {[%clk 0:04:47]}
Re6 {[%clk 0:03:36]} 36.R1f2 {[%clk 0:05:12]} Ra1+ {[%clk 0:03:51]}
37.Kh2 {[%clk 0:05:41]} Rb1 {[%clk 0:04:03]} 38.Rf6 {[%clk 0:04:32]}
Re7 {[%clk 0:01:54]} 39.Rg6+ {[%clk 0:01:39]} Kh7 {[%clk 0:01:05]}
40.Rff6 {[%clk 0:32:08]} Rxb4 {[%clk 0:30:39]} 41.Rxh6+ {[%clk 0:17:20]}
Kg7 {[%clk 0:30:42]} 42.Rfg6+ {[%clk 0:15:05]} Kf7 {[%clk 0:29:35]}
43.Rxc6 {[%clk 0:15:31]} Rxg4 {[%clk 0:26:26]} 44.Rh7+ {[%clk 0:15:28]}
Rg7 {[%clk 0:26:52]} 45.Rxg7+ {[%clk 0:15:53]} Kxg7 {[%clk 0:27:18]}
46.Kg3 {[%clk 0:16:14]} Kf8 {[%clk 0:27:38]} 47.Kf4 {[%clk 0:15:49]}
Ke8 {[%clk 0:26:39]} 48.g4 {[%clk 0:15:33]} Kd7 {[%clk 0:27:06]}
49.Rf6 {[%clk 0:13:17]} Re1 {[%clk 0:26:21]} 50.g5 {[%clk 0:13:38]}
Ke7 {[%clk 0:22:51]} 51.Kf5 {[%clk 0:12:27]} Rc1 {[%clk 0:22:30]}
52.Re6+ {[%clk 0:12:31]} Kf7 {[%clk 0:22:11]} 53.g6+ {[%clk 0:12:43]}
Kf8 {[%clk 0:22:17]} 54.Rf6+ {[%clk 0:12:34]} Kg8 {[%clk 0:21:57]}
55.Rc6 {[%clk 0:12:56]} 1-0

[Event "Team men PL"]
[Site "Sochi"]
[Date "2020.11.28"]
[Round "9.16"]
[White "Murzin, Volodar"]
[Black "Sarana, Alexey"]
[Result "0-1"]
[BlackElo "2636"]
[WhiteElo "2470"]
[LiveChessVersion "1.4.8"]

1.e4 {[%clk 1:30:55]} c5 {[%clk 1:30:54]} 2.Nf3 {[%clk 1:31:10]}
d6 {[%clk 1:31:18]} 3.d4 {[%clk 1:31:24]} cxd4 {[%clk 1:31:38]}
4.Nxd4 {[%clk 1:31:52]} Nf6 {[%clk 1:32:01]} 5.Nc3 {[%clk 1:32:16]}
a6 {[%clk 1:32:25]} 6.Be3 {[%clk 1:32:28]} Ng4 {[%clk 1:29:43]}
7.Bc1 {[%clk 1:32:46]} Nf6 {[%clk 1:30:06]} 8.f3 {[%clk 1:33:02]}
e5 {[%clk 1:28:52]} 9.Nb3 {[%clk 1:33:20]} Be7 {[%clk 1:28:31]}
10.Be3 {[%clk 1:33:43]} Be6 {[%clk 1:28:38]} 11.Qd2 {[%clk 1:31:20]}
Nbd7 {[%clk 1:28:23]} 12.O-O-O {[%clk 1:29:07]} b5 {[%clk 1:28:35]}
13.g4 {[%clk 1:29:19]} Nb6 {[%clk 1:28:24]} 14.g5 {[%clk 1:26:57]}
Nh5 {[%clk 1:28:16]} 15.Na5 {[%clk 1:26:10]} Qc7 {[%clk 1:28:33]}
16.Nd5 {[%clk 1:26:07]} Nxd5 {[%clk 1:28:54]} 17.exd5 {[%clk 1:26:31]}
Bf5 {[%clk 1:29:16]} 18.Nc6 {[%clk 1:25:20]} O-O {[%clk 1:29:17]}
19.Rg1 {[%clk 1:15:26]} f6 {[%clk 1:27:41]} 20.g6 {[%clk 0:51:43]}
Bxg6 {[%clk 1:20:31]} 21.Rxg6 {[%clk 0:51:04]} hxg6 {[%clk 1:20:50]}
22.Qg2 {[%clk 0:51:27]} Kh7 {[%clk 1:03:44]} 23.Bd3 {[%clk 0:49:48]}
f5 {[%clk 1:02:09]} 24.Rg1 {[%clk 0:49:31]} Rf6 {[%clk 1:02:27]}
25.Qh3 {[%clk 0:39:20]} Rh8 {[%clk 0:55:11]} 26.Bg5 {[%clk 0:33:50]}
Kg8 {[%clk 0:48:11]} 27.Qg2 {[%clk 0:27:14]} Nf4 {[%clk 0:43:50]}
28.Bxf4 {[%clk 0:26:45]} exf4 {[%clk 0:44:18]} 29.Re1 {[%clk 0:21:22]}
Bf8 {[%clk 0:44:10]} 30.b4 {[%clk 0:18:03]} Rh5 {[%clk 0:43:15]}
31.Re8 {[%clk 0:11:39]} g5 {[%clk 0:38:44]} 32.Qe2 {[%clk 0:09:48]}
Qf7 {[%clk 0:31:06]} 33.Rc8 {[%clk 0:02:36]} Rhh6 {[%clk 0:26:57]}
34.a4 {[%clk 0:02:15]} g4 {[%clk 0:26:32]} 35.Qg2 {[%clk 0:00:33]}
Kh8 {[%clk 0:21:25]} 36.axb5 {[%clk 0:00:45]} axb5 {[%clk 0:21:53]}
37.fxg4 {[%clk 0:00:36]} fxg4 {[%clk 0:22:22]} 38.Qxg4 {[%clk 0:01:05]}
f3 {[%clk 0:20:27]} 39.Nd8 {[%clk 0:01:32]} Qe8 {[%clk 0:20:13]}
40.Nc6 {[%clk 0:30:32]} Qe1+ {[%clk 0:50:12]} 41.Kb2 {[%clk 0:31:01]}
f2 {[%clk 0:50:19]} 42.Qe6 {[%clk 0:28:18]} f1Q {[%clk 0:49:39]}
43.Bxf1 {[%clk 0:28:38]} Qxf1 {[%clk 0:49:38]} 0-1

[Event "Team men PL"]
[Site "Sochi"]
[Date "2020.11.28"]
[Round "9.17"]
[White "Popov, Ivan"]
[Black "Belyakov, Bogdan"]
[Result "1-0"]
[BlackElo "2450"]
[WhiteElo "2636"]
[LiveChessVersion "1.4.8"]

1.e4 {[%clk 1:30:56]} Nc6 {[%clk 1:30:52]} 2.d4 {[%clk 1:29:11]}
d5 {[%clk 1:31:16]} 3.e5 {[%clk 1:29:19]} Bf5 {[%clk 1:31:16]}
4.c3 {[%clk 1:29:29]} e6 {[%clk 1:30:59]} 5.f4 {[%clk 1:27:31]}
Qh4+ {[%clk 1:29:24]} 6.g3 {[%clk 1:26:57]} Qd8 {[%clk 1:29:48]}
7.Nf3 {[%clk 1:25:08]} h5 {[%clk 1:23:16]} 8.h3 {[%clk 1:15:03]}
Nh6 {[%clk 1:19:22]} 9.Be3 {[%clk 1:13:30]} Be7 {[%clk 1:17:23]}
10.Nbd2 {[%clk 1:13:01]} a6 {[%clk 1:13:22]} 11.Qe2 {[%clk 0:59:48]}
Nb8 {[%clk 1:03:45]} 12.Bg2 {[%clk 0:56:26]} Nd7 {[%clk 1:04:02]}
13.Ng5 {[%clk 0:54:14]} c5 {[%clk 0:56:33]} 14.O-O {[%clk 0:43:55]}
Qb6 {[%clk 0:51:26]} 15.b4 {[%clk 0:39:09]} c4 {[%clk 0:44:19]}
16.Qxh5 {[%clk 0:37:27]} O-O-O {[%clk 0:42:48]} 17.Qd1 {[%clk 0:34:01]}
f6 {[%clk 0:38:22]} 18.Ngf3 {[%clk 0:34:03]} fxe5 {[%clk 0:38:35]}
19.fxe5 {[%clk 0:27:35]} Nf7 {[%clk 0:29:27]} 20.g4 {[%clk 0:24:30]}
Bd3 {[%clk 0:29:50]} 21.Re1 {[%clk 0:24:32]} Rh7 {[%clk 0:27:49]}
22.Nf1 {[%clk 0:18:39]} Rdh8 {[%clk 0:25:08]} 23.Ng3 {[%clk 0:18:39]}
Qd8 {[%clk 0:18:49]} 24.Nh1 {[%clk 0:17:46]} Be4 {[%clk 0:12:34]}
25.Nf2 {[%clk 0:12:34]} Bxf3 {[%clk 0:12:42]} 26.Qxf3 {[%clk 0:12:50]}
Ng5 {[%clk 0:13:07]} 27.Qe2 {[%clk 0:05:33]} Nf8 {[%clk 0:13:02]}
28.Qc2 {[%clk 0:05:10]} Rh6 {[%clk 0:11:33]} 29.b5 {[%clk 0:03:38]}
a5 {[%clk 0:07:57]} 30.b6 {[%clk 0:03:52]} Qe8 {[%clk 0:07:50]}
31.Rab1 {[%clk 0:02:58]} Ng6 {[%clk 0:06:53]} 32.Bxg5 {[%clk 0:02:01]}
Bxg5 {[%clk 0:07:17]} 33.Bxd5 {[%clk 0:02:22]} exd5 {[%clk 0:05:53]}
34.Qf5+ {[%clk 0:02:50]} Kb8 {[%clk 0:06:13]} 35.Qxg5 {[%clk 0:03:11]}
Nh4 {[%clk 0:06:38]} 36.Re3 {[%clk 0:02:38]} Rg6 {[%clk 0:06:14]}
37.Qf4 {[%clk 0:02:31]} Rf8 {[%clk 0:06:29]} 38.Qh2 {[%clk 0:01:19]}
Nf3+ {[%clk 0:06:42]} 39.Rxf3 {[%clk 0:01:48]} Rxf3 {[%clk 0:07:06]}
40.e6+ {[%clk 0:31:08]} Ka8 {[%clk 0:37:31]} 41.Qg2 {[%clk 0:18:33]}
Rgf6 {[%clk 0:34:52]} 42.Re1 {[%clk 0:17:42]} Qe7 {[%clk 0:32:22]}
43.Nh1 {[%clk 0:14:46]} Rf8 {[%clk 0:31:38]} 44.Re2 {[%clk 0:04:51]}
g6 {[%clk 0:27:47]} 45.a4 {[%clk 0:04:42]} Kb8 {[%clk 0:26:05]}
46.Qh2+ {[%clk 0:04:36]} Kc8 {[%clk 0:23:37]} 47.Qe5 {[%clk 0:04:26]}
Rxh3 {[%clk 0:22:50]} 48.Qxd5 {[%clk 0:04:23]} Qf6 {[%clk 0:15:29]}
49.Qd7+ {[%clk 0:01:43]} Kb8 {[%clk 0:15:51]} 50.Qd6+ {[%clk 0:01:55]}
Ka8 {[%clk 0:16:16]} 51.Nf2 {[%clk 0:02:19]} Rxc3 {[%clk 0:15:05]}
52.Qd5 {[%clk 0:02:28]} Kb8 {[%clk 0:13:01]} 53.e7 {[%clk 0:01:54]}
Re8 {[%clk 0:11:43]} 54.Re6 {[%clk 0:02:16]} Qh8 {[%clk 0:10:28]}
55.Qd6+ {[%clk 0:01:24]} Ka8 {[%clk 0:10:51]} 56.Re5 {[%clk 0:01:27]} 1-0

[Event "Team men PL"]
[Site "Sochi"]
[Date "2020.11.28"]
[Round "9.18"]
[White "Savitskiy, Sergey"]
[Black "Grachev, Boris"]
[Result "0-1"]
[BlackElo "2612"]
[WhiteElo "2451"]
[LiveChessVersion "1.4.8"]

1.e4 {[%clk 1:30:56]} e6 {[%clk 1:30:52]} 2.d4 {[%clk 1:31:19]}
d5 {[%clk 1:31:18]} 3.Nc3 {[%clk 1:31:45]} Nf6 {[%clk 1:31:25]}
4.e5 {[%clk 1:31:24]} Nfd7 {[%clk 1:31:48]} 5.f4 {[%clk 1:27:53]}
c5 {[%clk 1:31:29]} 6.Nf3 {[%clk 1:28:18]} Qb6 {[%clk 1:31:03]}
7.Be3 {[%clk 1:14:45]} a6 {[%clk 1:30:39]} 8.Qd2 {[%clk 1:01:52]}
Qxb2 {[%clk 1:28:43]} 9.Rb1 {[%clk 1:02:16]} Qa3 {[%clk 1:29:09]}
10.f5 {[%clk 1:02:02]} Nc6 {[%clk 1:02:42]} 11.Be2 {[%clk 0:58:17]}
cxd4 {[%clk 0:54:48]} 12.Nxd4 {[%clk 0:57:04]} Nxd4 {[%clk 0:51:09]}
13.Bxd4 {[%clk 0:57:16]} Bc5 {[%clk 0:51:22]} 14.Rb3 {[%clk 0:49:48]}
Qa5 {[%clk 0:51:10]} 15.fxe6 {[%clk 0:49:49]} fxe6 {[%clk 0:51:35]}
16.Rf1 {[%clk 0:49:57]} Bxd4 {[%clk 0:39:55]} 17.Qxd4 {[%clk 0:49:33]}
Qc5 {[%clk 0:29:35]} 18.Qg4 {[%clk 0:41:11]} Qe7 {[%clk 0:28:29]}
19.Qg3 {[%clk 0:26:12]} Rf8 {[%clk 0:26:57]} 20.Rxf8+ {[%clk 0:26:03]}
Kxf8 {[%clk 0:26:20]} 21.a3 {[%clk 0:16:08]} Kg8 {[%clk 0:24:31]}
22.Rb4 {[%clk 0:15:38]} Nf8 {[%clk 0:23:34]} 23.Bd3 {[%clk 0:14:48]}
Bd7 {[%clk 0:12:07]} 24.Rxb7 {[%clk 0:14:24]} Qxa3 {[%clk 0:12:16]}
25.Ne2 {[%clk 0:13:51]} Qa5+ {[%clk 0:11:33]} 26.Kd1 {[%clk 0:10:20]}
Rc8 {[%clk 0:08:30]} 27.Ra7 {[%clk 0:09:35]} Qa1+ {[%clk 0:07:56]}
28.Kd2 {[%clk 0:09:57]} Qa5+ {[%clk 0:08:21]} 29.Kd1 {[%clk 0:10:14]}
Qc5 {[%clk 0:06:51]} 30.Rxa6 {[%clk 0:09:26]} Rb8 {[%clk 0:06:42]}
31.Qf4 {[%clk 0:06:17]} Rb4 {[%clk 0:05:34]} 32.Qc1 {[%clk 0:04:11]}
Qf2 {[%clk 0:04:44]} 33.Qa3 {[%clk 0:03:16]} Rb1+ {[%clk 0:04:36]}
34.Kd2 {[%clk 0:03:39]} d4 {[%clk 0:04:13]} 35.Bc4 {[%clk 0:02:29]}
Qe1+ {[%clk 0:03:17]} 36.Kd3 {[%clk 0:02:53]} Rd1+ {[%clk 0:03:32]}
37.Ke4 {[%clk 0:03:16]} Qh4+ {[%clk 0:03:43]} 38.Nf4 {[%clk 0:03:14]}
Re1+ {[%clk 0:04:07]} 0-1

[Event "Team men PL"]
[Site "Sochi"]
[Date "2020.11.28"]
[Round "9.19"]
[White "Artemiev, Vladislav"]
[Black "Bykov, Oleg"]
[Result "1-0"]
[BlackElo "2362"]
[WhiteElo "2708"]
[LiveChessVersion "1.4.8"]

1.Nf3 {[%clk 1:30:48]} Nf6 {[%clk 1:30:27]} 2.g3 {[%clk 1:31:00]}
g6 {[%clk 1:30:35]} 3.b3 {[%clk 1:31:16]} d6 {[%clk 1:30:31]}
4.Bb2 {[%clk 1:28:30]} e5 {[%clk 1:28:39]} 5.c4 {[%clk 1:28:32]}
Bg7 {[%clk 1:21:56]} 6.d3 {[%clk 1:28:19]} O-O {[%clk 1:21:45]}
7.Bg2 {[%clk 1:28:38]} c5 {[%clk 1:10:57]} 8.O-O {[%clk 1:28:40]}
Nc6 {[%clk 1:11:06]} 9.Nc3 {[%clk 1:28:22]} h6 {[%clk 1:10:40]}
10.Nd2 {[%clk 1:23:34]} Be6 {[%clk 1:08:46]} 11.Nde4 {[%clk 1:23:27]}
Ne8 {[%clk 1:03:48]} 12.a3 {[%clk 1:13:48]} f5 {[%clk 1:03:00]}
13.Nd2 {[%clk 1:14:10]} Nf6 {[%clk 0:54:54]} 14.Nd5 {[%clk 1:07:18]}
Bf7 {[%clk 0:49:10]} 15.b4 {[%clk 0:58:33]} cxb4 {[%clk 0:32:24]}
16.Nxb4 {[%clk 0:58:53]} Qc7 {[%clk 0:27:39]} 17.Nd5 {[%clk 0:54:29]}
Nxd5 {[%clk 0:27:31]} 18.cxd5 {[%clk 0:54:51]} Ne7 {[%clk 0:27:30]}
19.e4 {[%clk 0:49:52]} g5 {[%clk 0:22:34]} 20.a4 {[%clk 0:49:02]}
Qd7 {[%clk 0:22:03]} 21.Nc4 {[%clk 0:48:26]} f4 {[%clk 0:21:48]}
22.Ba3 {[%clk 0:42:59]} Nc8 {[%clk 0:21:58]} 23.Bf3 {[%clk 0:40:48]}
h5 {[%clk 0:17:50]} 24.Bxh5 {[%clk 0:39:08]} Bxh5 {[%clk 0:18:11]}
25.Qxh5 {[%clk 0:39:31]} Rf6 {[%clk 0:18:19]} 26.h3 {[%clk 0:31:04]}
Nb6 27.Nxd6 Rxd6 {[%clk 0:16:26]} 28.Bxd6 {[%clk 0:31:27]} Qxd6
{[%clk 0:14:48]} 29.Qxg5 {[%clk 0:19:53]} Rf8 {[%clk 0:06:57]}
30.Rab1 {[%clk 0:15:15]} Rf7 {[%clk 0:07:12]} 31.Rfc1 {[%clk 0:14:01]}
Qd7 {[%clk 0:06:40]} 32.a5 {[%clk 0:11:48]} Nc8 {[%clk 0:06:32]}
33.a6 bxa6 {[%clk 0:06:58]} 34.Rb8 {[%clk 0:11:55]} Rf8 35.gxf4
{[%clk 0:11:31]} exf4 {[%clk 0:06:55]} 36.e5 {[%clk 0:08:42]}
Ne7 {[%clk 0:05:42]} 37.Rxf8+ {[%clk 0:07:24]} Kxf8 {[%clk 0:06:09]}
38.Qxf4+ {[%clk 0:05:56]} Nf5 {[%clk 0:04:20]} 39.Rc6 {[%clk 0:04:19]}
a5 {[%clk 0:03:01]} 40.e6 {[%clk 0:33:26]} Qxd5 {[%clk 0:33:24]}
41.Qb8+ {[%clk 0:33:51]} Ke7 {[%clk 0:33:49]} 42.Qb7+ {[%clk 0:33:45]}
Kf6 {[%clk 0:34:07]} 43.e7+ {[%clk 0:33:34]} 1-0

[Event "Team men PL"]
[Site "Sochi"]
[Date "2020.11.28"]
[Round "9.20"]
[White "Nozdrachev, Leonid"]
[Black "Timofeev, Artyom"]
[Result "0-1"]
[BlackElo "2585"]
[WhiteElo "2391"]
[LiveChessVersion "1.4.8"]

1.d4 {[%clk 1:30:57]} d5 {[%clk 1:30:19]} 2.c4 {[%clk 1:31:17]}
e6 {[%clk 1:30:33]} 3.Nf3 {[%clk 1:31:38]} a6 {[%clk 1:27:43]}
4.cxd5 {[%clk 1:30:08]} exd5 {[%clk 1:28:06]} 5.Nc3 {[%clk 1:30:27]}
Be7 {[%clk 1:26:56]} 6.Bf4 {[%clk 1:26:32]} Nf6 {[%clk 1:23:44]}
7.Qc2 {[%clk 1:26:05]} O-O {[%clk 1:20:45]} 8.e3 {[%clk 1:25:56]}
Nbd7 {[%clk 1:09:47]} 9.Rd1 {[%clk 1:21:59]} Re8 {[%clk 1:08:15]}
10.h3 {[%clk 1:18:01]} Nf8 {[%clk 1:06:26]} 11.Bd3 {[%clk 1:16:43]}
Ng6 {[%clk 1:06:13]} 12.Be5 {[%clk 1:12:46]} c6 {[%clk 1:04:57]}
13.O-O {[%clk 1:11:43]} Bd6 {[%clk 1:02:27]} 14.Bxd6 {[%clk 1:03:52]}
Qxd6 {[%clk 1:01:58]} 15.Rfe1 {[%clk 1:03:12]} Bd7 {[%clk 1:00:41]}
16.a3 {[%clk 0:54:40]} Re7 {[%clk 0:59:21]} 17.e4 {[%clk 0:50:47]}
dxe4 {[%clk 0:57:45]} 18.Nxe4 {[%clk 0:47:40]} Nxe4 {[%clk 0:57:35]}
19.Bxe4 {[%clk 0:46:32]} Rae8 {[%clk 0:48:54]} 20.Qc5 {[%clk 0:35:42]}
Qxc5 {[%clk 0:44:13]} 21.dxc5 {[%clk 0:35:09]} Nf4 {[%clk 0:44:02]}
22.Bc2 {[%clk 0:20:38]} Kf8 {[%clk 0:39:28]} 23.Kf1 {[%clk 0:19:02]}
h6 {[%clk 0:36:24]} 24.h4 {[%clk 0:15:49]} Rxe1+ {[%clk 0:26:14]}
25.Nxe1 {[%clk 0:14:34]} Be6 {[%clk 0:26:26]} 26.g3 {[%clk 0:13:03]}
Bc4+ {[%clk 0:25:18]} 27.Kg1 {[%clk 0:12:35]} Ne6 {[%clk 0:23:06]}
28.b4 {[%clk 0:11:56]} Nd4 {[%clk 0:21:16]} 29.Bd3 {[%clk 0:06:08]}
Rxe1+ {[%clk 0:10:49]} 30.Rxe1 {[%clk 0:06:37]} Nf3+ {[%clk 0:10:49]}
31.Kh1 {[%clk 0:06:59]} Bxd3 {[%clk 0:10:30]} 32.Rd1 {[%clk 0:05:07]}
Bb5 {[%clk 0:10:46]} 33.Rd8+ {[%clk 0:03:39]} Ke7 {[%clk 0:11:10]}
34.Rb8 {[%clk 0:03:47]} Nd4 {[%clk 0:10:49]} 35.Rxb7+ {[%clk 0:04:02]}
Ke6 {[%clk 0:11:10]} 36.Rb8 {[%clk 0:00:56]} Nc2 {[%clk 0:11:27]}
37.Re8+ {[%clk 0:00:53]} Kf6 {[%clk 0:11:14]} 38.Kg2 {[%clk 0:00:43]}
Nxa3 {[%clk 0:11:22]} 39.Re4 {[%clk 0:00:41]} Nc2 {[%clk 0:11:19]}
40.Rf4+ {[%clk 0:30:52]} Ke6 {[%clk 0:40:37]} 41.Re4+ {[%clk 0:31:02]}
Kd5 {[%clk 0:38:37]} 42.Re7 {[%clk 0:26:51]} Nxb4 {[%clk 0:38:42]}
43.Rxf7 {[%clk 0:26:44]} a5 {[%clk 0:39:01]} 44.Rxg7 {[%clk 0:26:32]}
a4 {[%clk 0:39:23]} 45.Rd7+ {[%clk 0:23:32]} Kxc5 {[%clk 0:38:54]}
46.Rd1 {[%clk 0:23:48]} a3 {[%clk 0:39:08]} 47.g4 {[%clk 0:24:00]}
a2 {[%clk 0:39:22]} 48.h5 {[%clk 0:17:55]} Bd3 {[%clk 0:39:22]}
49.Ra1 {[%clk 0:18:22]} Bb1 {[%clk 0:38:20]} 0-1

[Event "Team men PL"]
[Site "Sochi"]
[Date "2020.11.28"]
[Round "9.21"]
[White "Gaifullin, Artur"]
[Black "Smirnov, Timofey"]
[Result "1/2-1/2"]
[BlackElo "2394"]
[WhiteElo "2460"]
[LiveChessVersion "1.4.8"]

1.Nf3 {[%clk 1:30:57]} d5 {[%clk 1:30:48]} 2.c4 {[%clk 1:31:22]}
c6 {[%clk 1:31:13]} 3.e3 {[%clk 1:31:48]} Bg4 {[%clk 1:31:36]}
4.Qb3 {[%clk 1:32:14]} Qc7 {[%clk 1:31:57]} 5.Nc3 {[%clk 1:32:39]}
Bxf3 {[%clk 1:31:29]} 6.gxf3 {[%clk 1:33:04]} e6 {[%clk 1:31:52]}
7.f4 {[%clk 1:32:49]} Nf6 {[%clk 1:28:18]} 8.d4 {[%clk 1:32:22]}
g6 {[%clk 1:21:41]} 9.Bd2 {[%clk 1:30:16]} Nbd7 {[%clk 1:14:16]}
10.Rc1 {[%clk 1:25:40]} Qb6 {[%clk 1:06:51]} 11.Qc2 {[%clk 1:24:27]}
Be7 {[%clk 1:00:36]} 12.c5 {[%clk 1:23:59]} Qc7 {[%clk 1:00:32]}
13.b4 {[%clk 1:24:22]} O-O {[%clk 0:54:26]} 14.a4 {[%clk 1:21:12]}
b6 {[%clk 0:53:27]} 15.cxb6 {[%clk 1:18:20]} axb6 {[%clk 0:53:11]}
16.Qb3 {[%clk 1:03:43]} Qd6 {[%clk 0:49:50]} 17.b5 {[%clk 1:03:08]}
c5 {[%clk 0:49:40]} 18.Be2 {[%clk 0:59:10]} Ne8 {[%clk 0:47:44]}
19.O-O {[%clk 0:48:21]} Ng7 {[%clk 0:44:44]} 20.Bg4 {[%clk 0:43:53]}
cxd4 {[%clk 0:32:54]} 21.exd4 {[%clk 0:44:08]} Qb4 {[%clk 0:33:15]}
22.Qc2 {[%clk 0:33:44]} Qxd4 {[%clk 0:31:48]} 23.Be3 {[%clk 0:33:53]}
Qb4 {[%clk 0:32:08]} 24.Nxd5 {[%clk 0:30:12]} exd5 {[%clk 0:32:30]}
25.Bxd7 {[%clk 0:30:38]} d4 {[%clk 0:32:26]} 26.Bd2 {[%clk 0:31:06]}
Qxa4 {[%clk 0:32:21]} 27.Qc6 {[%clk 0:31:21]} Bc5 {[%clk 0:31:31]}
28.f5 {[%clk 0:31:12]} d3 {[%clk 0:26:35]} 29.Kh1 {[%clk 0:27:18]}
Qh4 {[%clk 0:21:09]} 30.Rxc5 {[%clk 0:10:29]} bxc5 {[%clk 0:20:53]}
31.b6 {[%clk 0:10:51]} Rad8 {[%clk 0:12:35]} 32.fxg6 {[%clk 0:07:33]}
hxg6 {[%clk 0:12:12]} 33.b7 {[%clk 0:07:35]} Rxd7 {[%clk 0:07:43]}
34.Qxd7 {[%clk 0:07:58]} Qe4+ {[%clk 0:07:27]} 35.Kg1 {[%clk 0:08:26]}
Nf5 {[%clk 0:04:49]} 36.f3 {[%clk 0:08:26]} Qd4+ {[%clk 0:04:02]}
37.Qxd4 {[%clk 0:08:52]} Nxd4 {[%clk 0:04:28]} 38.Kf2 {[%clk 0:09:11]}
Rb8 {[%clk 0:03:53]} 39.Rb1 {[%clk 0:08:18]} Ne6 {[%clk 0:03:36]}
40.Ba5 {[%clk 0:36:36]} c4 {[%clk 0:32:28]} 41.Rb5 {[%clk 0:36:30]}
f6 {[%clk 0:27:39]} 42.Ke3 {[%clk 0:34:24]} Kf7 {[%clk 0:26:24]}
43.Kd2 {[%clk 0:33:34]} Ke8 {[%clk 0:24:58]} 44.Kc3 {[%clk 0:27:33]}
Nd8 {[%clk 0:23:13]} 45.Bxd8 {[%clk 0:27:04]} Kxd8 {[%clk 0:23:38]}
46.Kxc4 {[%clk 0:27:28]} d2 {[%clk 0:24:04]} 47.Rd5+ {[%clk 0:27:55]}
Ke7 {[%clk 0:24:28]} 48.Rxd2 {[%clk 0:28:20]} 1/2-1/2

[Event "Team men PL"]
[Site "Sochi"]
[Date "2020.11.28"]
[Round "9.22"]
[White "Tsoi, Dmitry"]
[Black "Makhmutov, Rail"]
[Result "0-1"]
[BlackElo "2442"]
[WhiteElo "2315"]
[LiveChessVersion "1.4.8"]

1.f4 {[%clk 1:30:59]} Nf6 {[%clk 1:30:48]} 2.Nf3 {[%clk 1:31:24]}
d5 {[%clk 1:31:11]} 3.e3 {[%clk 1:31:51]} Bf5 {[%clk 1:31:29]}
4.d4 {[%clk 1:32:16]} e6 {[%clk 1:31:48]} 5.Bd3 {[%clk 1:32:41]}
c5 {[%clk 1:31:26]} 6.c3 {[%clk 1:33:00]} Nc6 {[%clk 1:31:35]}
7.Ne5 {[%clk 1:33:23]} Qc7 {[%clk 1:31:07]} 8.O-O {[%clk 1:33:34]}
Bd6 {[%clk 1:27:00]} 9.Qe2 {[%clk 1:33:57]} O-O {[%clk 1:16:49]}
10.Nd2 {[%clk 1:34:11]} Rab8 {[%clk 1:14:30]} 11.a3 {[%clk 1:32:42]}
Ne7 {[%clk 1:12:29]} 12.g4 {[%clk 1:27:25]} Bxd3 {[%clk 1:11:57]}
13.Nxd3 {[%clk 1:27:51]} Ne4 {[%clk 1:09:20]} 14.Nxe4 {[%clk 1:25:43]}
dxe4 {[%clk 1:09:48]} 15.Nf2 {[%clk 1:26:06]} f5 {[%clk 1:05:09]}
16.Qc4 {[%clk 1:24:30]} Rf6 {[%clk 0:56:12]} 17.gxf5 {[%clk 1:08:14]}
b5 18.Qa2 {[%clk 1:08:36]} Nxf5 {[%clk 0:56:42]} 19.Qb1 {[%clk 1:03:55]}
cxd4 {[%clk 0:45:06]} 20.cxd4 {[%clk 0:50:40]} Bxf4 {[%clk 0:38:21]}
21.exf4 {[%clk 0:47:16]} Rg6+ {[%clk 0:38:40]} 22.Kh1 {[%clk 0:47:31]}
e3 {[%clk 0:39:08]} 23.Ne4 {[%clk 0:43:15]} Rd8 {[%clk 0:39:29]}
24.Qd3 {[%clk 0:40:05]} Rxd4 {[%clk 0:37:59]} 25.Qxb5 {[%clk 0:40:26]}
h6 {[%clk 0:35:10]} 26.Bxe3 {[%clk 0:28:03]} Nxe3 {[%clk 0:33:03]}
27.Rg1 {[%clk 0:23:18]} Ng4 {[%clk 0:31:09]} 28.h3 {[%clk 0:12:51]}
Rxe4 {[%clk 0:30:38]} 29.Raf1 {[%clk 0:11:53]} Qd8 {[%clk 0:25:54]}
30.Rg2 {[%clk 0:07:44]} Kh7 {[%clk 0:21:17]} 31.hxg4 {[%clk 0:08:03]}
Qh4+ {[%clk 0:20:16]} 32.Kg1 {[%clk 0:08:06]} Rxg4 {[%clk 0:20:02]}
33.Qd3 {[%clk 0:08:31]} Rxg2+ {[%clk 0:20:24]} 34.Kxg2 {[%clk 0:08:59]}
Qg4+ {[%clk 0:20:37]} 35.Kh1 {[%clk 0:09:24]} Qf5 {[%clk 0:19:52]}
36.b4 {[%clk 0:08:52]} e5 {[%clk 0:12:55]} 37.Kg2 {[%clk 0:07:45]}
Qg6+ {[%clk 0:11:57]} 38.Kh2 {[%clk 0:08:05]} exf4 {[%clk 0:11:53]}
39.Rf2 {[%clk 0:08:22]} Re3 {[%clk 0:11:17]} 0-1

[Event "Team men PL"]
[Site "Sochi"]
[Date "2020.11.28"]
[Round "9.23"]
[White "Samusenko, Maksim"]
[Black "Ter-Saakian, Grigorii"]
[Result "1-0"]
[BlackElo "2296"]
[WhiteElo "2466"]
[LiveChessVersion "1.4.8"]

1.e4 {[%clk 1:30:48]} Nc6 {[%clk 1:30:03]} 2.Nc3 {[%clk 1:29:47]}
Nf6 {[%clk 1:30:18]} 3.Nf3 {[%clk 1:26:22]} d5 {[%clk 1:27:21]}
4.exd5 {[%clk 1:21:15]} Nxd5 {[%clk 1:27:39]} 5.Bc4 {[%clk 1:20:59]}
e6 {[%clk 1:26:45]} 6.O-O {[%clk 1:19:15]} Be7 {[%clk 1:27:12]}
7.Bb5 {[%clk 1:15:46]} Bf6 {[%clk 1:26:30]} 8.Ne4 {[%clk 1:15:05]}
Bd7 {[%clk 1:25:14]} 9.d4 {[%clk 1:11:40]} O-O {[%clk 1:24:32]}
10.Nxf6+ {[%clk 1:06:27]} Qxf6 {[%clk 1:23:48]} 11.Bg5 {[%clk 1:04:46]}
Qg6 {[%clk 1:24:04]} 12.Qd2 {[%clk 0:57:03]} f6 {[%clk 1:24:25]}
13.Bh4 {[%clk 0:56:47]} a6 {[%clk 1:22:39]} 14.Bd3 {[%clk 0:56:25]}
Qg4 {[%clk 1:22:58]} 15.Bg3 {[%clk 0:52:52]} b5 {[%clk 1:22:28]}
16.Rfe1 {[%clk 0:46:57]} Qh5 {[%clk 1:21:55]} 17.c3 {[%clk 0:46:59]}
Nce7 {[%clk 1:15:36]} 18.b3 {[%clk 0:46:13]} Nf5 {[%clk 1:15:47]}
19.c4 {[%clk 0:44:27]} Nxg3 {[%clk 1:08:34]} 20.cxd5 {[%clk 0:37:19]}
Nf5 {[%clk 1:09:03]} 21.dxe6 {[%clk 0:37:36]} Bc6 {[%clk 1:09:28]}
22.e7 {[%clk 0:26:10]} Rfe8 {[%clk 1:09:42]} 23.Qc2 {[%clk 0:26:30]} 1-0